LEADER 00808nam0-22002771i-450- 001 990005252510403321 005 20090626091354.0 035 $a000525251 035 $aFED01000525251 035 $a(Aleph)000525251FED01 035 $a000525251 100 $a19990604d1968----km-y0itay50------ba 101 0 $aita 105 $af-------00--- 200 1 $a<>political history of Parthia$fby Neilson C. Debevoise 210 $aNew York$cGreenwood Press$d1968 215 $aXXIII, 303 p.,$c1 tav. rip.$d22 cm 676 $a935.06$v22$zita 700 1$aDebevoise,$bNeilson C.$0200928 801 0$aIT$bUNINA$gRICA$2UNIMARC 901 $aBK 912 $a990005252510403321 952 $a935.06 DEB 1$bAnt. G.R. 3166$fFLFBC 959 $aFLFBC 996 $aPolitical history of Parthia$9237408 997 $aUNINA LEADER 00899cam0-22003131i-450- 001 990006841080403321 005 20111121085208.0 035 $a000684108 035 $aFED01000684108 035 $a(Aleph)000684108FED01 035 $a000684108 100 $a20010426d1995----km-y0itay50------ba 101 0 $aita 102 $aIT 105 $aa-------001yy 200 1 $aRwanda$eun anno dopo, volere la pace$f[a cura di Aluisi Tosolini, Roberto Cavalieri] 210 $aParma$cAlfazeta$d1995 215 $a144 p.$cill.$d21 cm 610 0 $aRuanda$aCondizioni economiche e sociali$a1990-1995 676 $a967.57104$v20$zita 702 1$aCavalieri,$bRoberto$f<1965- > 702 1$aTosolini,$bAluisi 801 0$aIT$bUNINA$gREICAT$2UNIMARC 901 $aBK 912 $a990006841080403321 952 $aXIV E 4003$b29953$fFSPBC 959 $aFSPBC 996 $aRwanda$9225400 997 $aUNINA